[Event "ARM-ROW Match"]
[Site "Moscow"]
[Date "2004.06.12"]
[Round "3"]
[White "Svidler, Peter"]
[Black "Vaganian, Rafael A"]
[Result "1/2-1/2"]
[WhiteElo "2733"]
[BlackElo "2639"]
[PlyCount "37"]
[EventDate "2004.06.10"]
[Source "Roberto Alvarez"]
[SourceDate "2004.06.07"]

1. e4 e6 2. d4 d5 3. Nc3 Bb4 4. e5 c5 5. a3 Ba5 6. b4 cxd4 7. Nb5 Bc7 8. f4 Bd7 9. Nxc7+ Qxc7 10. Nf3 Ba4 11. Bd3 Ne7 12. Bb2 Nbc6 13. Qe2 a6 14. O-O Qb6 15. Qf2 Bb5 16. Nxd4 Bxd3 17. cxd3 Rc8 18. Rfc1 O-O 19. Nxc6 1/2-1/2

[Event "Poikovsky Karpov 4th"]
[Site "Poikovsky"]
[Date "2003.04.28"]
[Round "8"]
[White "Svidler, Peter"]
[Black "Lputian, Smbat G"]
[Result "1-0"]
[WhiteElo "2713"]
[BlackElo "2638"]
[PlyCount "127"]
[EventDate "2003.04.20"]
[Source "ChessBase"]
[SourceDate "2003.07.25"]

1. e4 e6 2. d4 d5 3. Nc3 Bb4 4. e5 c5 5. a3 Ba5 6. b4 cxd4 7. Nb5 Bc7 8. f4 Ne7 9. Nf3 a6 10. Nxc7+ Qxc7 11. Bd3 Nd7 12. Bb2 Nb6 13. Bxd4 Bd7 14. Qe2 Na4 15. O-O Rc8 16. Rac1 Nc3 17. Qe3 Bb5 18. Bc5 Na4 19. Bxe7 Qxe7 20. f5 Bxd3 21. cxd3 Rxc1 22. Rxc1 O-O 23. f6 gxf6 24. exf6 Qxf6 25. Ne5 Qg7 26. Rf1 Nc3 27. Rf3 d4 28. Qe1 Kh8 29. Nd7 Rd8 30. Nf6 Nd5 31. Nxh7 Ne3 32. Rg3 Qxh7 33. Rh3 Qxh3 34. gxh3 Rg8+ 35. Kf2 e5 36. Kf3 Rg6 37. Qh4+ Kg7 38. Qe7 Rf6+ 39. Ke2 Re6 40. Qxb7 Kg6 41. a4 e4 42. dxe4 Nc4 43. Qd5 Nb6 44. Qf5+ Kg7 45. a5 Na4 46. Kd3 Nc3 47. Kxd4 Nb5+ 48. Kc5 Rg6 49. h4 Re6 50. Qxe6 fxe6 51. Kb6 e5 52. Kxa6 Nd6 53. Kb6 Nxe4 54. Kc6 Nd6 55. a6 Nc8 56. Kd5 Kf6 57. h5 Na7 58. h6 Nb5 59. h7 Kg7 60. Kxe5 Kxh7 61. Kf6 Nc7 62. a7 Nd5+ 63. Ke5 Nb6 64. Kd4 1-0

[Event "Camp. spagnolo a squadre - Gruppo I"]
[Site "Cala Mayor SPA"]
[Date "2008.09.04"]
[Round "2"]
[White "Cheparinov, I."]
[Black "Zhang Pengxiang"]
[Result "1-0"]
[WhiteElo "2687"]
[BlackElo "2643"]
[PlyCount "57"]
[EventDate "2008.09.03"]
[Source "www.chesslib.no"]
[SourceDate "2004.05.04"]

1. e4 e6 2. d4 d5 3. Nc3 Bb4 4. e5 c5 5. a3 Ba5 6. b4 cxd4 7. Nb5 Bc7 8. f4 Bd7 9. Nf3 Bxb5 10. Bxb5+ Nc6 11. O-O Nge7 12. Bd3 Nf5 13. Qe1 h6 14. Kh1 Bb6 15. Bxf5 exf5 16. b5 Ne7 17. a4 Ng6 18. Ba3 Nxf4 19. Nh4 Ne6 20. Nxf5 Bc7 21. Bd6 Rc8 22. Qf2 Qd7 23. Ne7 Bxd6 24. Qxf7+ Kd8 25. exd6 Rc3 26. Nxd5 Rc5 27. Rae1 Qxf7 28. Rxf7 Rf8 29. Nc7 1-0

[Event "ARM-ROW Match"]
[Site "Moscow"]
[Date "2004.06.10"]
[Round "1"]
[White "Bacrot, Etienne"]
[Black "Vaganian, Rafael A"]
[Result "1/2-1/2"]
[WhiteElo "2675"]
[BlackElo "2639"]
[PlyCount "67"]
[EventDate "2004.06.10"]
[Source "Roberto Alvarez"]
[SourceDate "2004.06.07"]

1. e4 e6 2. d4 d5 3. Nc3 Bb4 4. e5 c5 5. a3 Ba5 6. b4 cxd4 7. Nb5 Bc7 8. f4 Bd7 9. Nxc7+ Qxc7 10. Nf3 Nh6 11. Bd3 a6 12. Bb2 Bb5 13. Bxb5+ axb5 14. Nxd4 O-O 15. Nxb5 Qb6 16. Nd4 Rc8 17. g4 Rc4 18. O-O Nc6 19. c3 Rc8 20. Rf2 Nxd4 21. cxd4 Qd8 22. h3 f5 23. exf6 Qxf6 24. Qe2 b5 25. Re1 R8c6 26. f5 Rc2 27. Qxc2 Rxc2 28. Rxc2 exf5 29. Bc1 fxg4 30. Rf2 Qg6 31. Bxh6 gxh6 32. hxg4 Qd3 33. Re8+ Kg7 34. Re7+ 1/2-1/2

[Event "TCh-BIH"]
[Site "Jahorina"]
[Date "2003.06.22"]
[Round "2"]
[White "Shirov, Alexei"]
[Black "Atalik, Suat"]
[Result "1-0"]
[WhiteElo "2735"]
[BlackElo "2568"]
[PlyCount "238"]
[EventDate "2003.06.21"]
[Source "Roberto Alvarez"]
[SourceDate "2003.07.07"]

1. e4 e6 2. d4 d5 3. Nc3 Bb4 4. e5 c5 5. a3 Ba5 6. Qg4 Ne7 7. dxc5 Bxc3+ 8. bxc3 Ng6 9. Nf3 Qa5 10. Bd2 Nd7 11. c4 Qc7 12. cxd5 O-O 13. Qd4 exd5 14. Qxd5 Ndxe5 15. Nxe5 Nxe5 16. Qd6 Qxd6 17. cxd6 Bf5 18. Bf4 Ng6 19. Bg3 Rfc8 20. c4 b5 21. O-O-O bxc4 22. d7 Rd8 23. Bxc4 Rxd7 24. Rxd7 Bxd7 25. Kb2 Be6 26. Bxe6 fxe6 27. Rc1 e5 28. Rc7 h5 29. h4 Nf4 30. Kb3 Re8 31. Rxa7 Nxg2 32. a4 e4 33. Rc7 e3 34. fxe3 Nxe3 35. Rc5 Rf8 36. a5 Nf5 37. Bf2 Nd6 38. Rd5 Rf3+ 39. Kb4 Nb7 40. Bd4 Nxa5 41. Rxa5 Rf4 42. Kc4 Rxh4 43. Rg5 Rg4 44. Rxh5 Kf7 45. Kd5 Rg2 46. Ke4 Rg4+ 47. Ke3 Kg6 48. Rd5 Kh7 49. Kf3 Rg6 50. Rd7 Kg8 51. Kf4 Rg2 52. Kf3 Rg6 53. Ra7 Kh7 54. Ra2 Rd6 55. Ke4 Rg6 56. Kf4 Kg8 57. Kf5 Rg3 58. Rh2 Kf7 59. Rh8 Rg2 60. Bc5 g6+ 61. Ke4 Rg4+ 62. Ke5 Rg5+ 63. Kd6 Rh5 64. Rc8 Kf6 65. Rf8+ Kg7 66. Rf1 Rh4 67. Be3 Ra4 68. Ke5 Ra5+ 69. Ke6 g5 70. Bd4+ Kg6 71. Be5 Ra2 72. Rh1 Re2 73. Rh8 Re1 74. Rg8+ Kh5 75. Kd5 Rb1 76. Bf6 Rb5+ 77. Ke6 Kg4 78. Ra8 Kf3 79. Ra3+ Kf2 80. Bd4+ Kf1 81. Be5 Kf2 82. Ra4 Kf3 83. Kf5 Rc5 84. Ra3+ Ke2 85. Ke4 Rc2 86. Rg3 Rd2 87. Bc3 Rc2 88. Rg2+ Kd1 89. Rg1+ Ke2 90. Bd4 g4 91. Rg3 Kd2 92. Rg2+ Kd1 93. Rg1+ Ke2 94. Rg3 Kd2 95. Be3+ Ke2 96. Bf4 Rc4+ 97. Kf5 Rc2 98. Kxg4 Rc8 99. Re3+ Kf2 100. Re4 Rc2 101. Bg3+ Kg2 102. Re3 Ra2 103. Bf4 Rc2 104. Rh3 Rf2 105. Rd3 Re2 106. Be3 Kf1 107. Kf3 Rf2+ 108. Ke4 Rc2 109. Bf4 Ke2 110. Re3+ Kf2 111. Bg3+ Kg2 112. Be5 Rc8 113. Bd4 Rc2 114. Ra3 Kf1 115. Kd3 Rc8 116. Ra2 Rd8 117. Rf2+ Ke1 118. Rf7 Rd5 119. Re7+ Kf1 1-0

[Event "EUCup f Budapest"]
[Site "?"]
[Date "1996.??.??"]
[Round "2"]
[White "Almasi, Zoltan"]
[Black "Korchnoi, Viktor L"]
[Result "1-0"]
[WhiteElo "2650"]
[BlackElo "2645"]
[PlyCount "69"]
[EventDate "1996.??.??"]
[Source "www.chesslib.no"]
[SourceDate "2004.05.04"]

1. e4 e6 2. d4 d5 3. Nc3 Bb4 4. e5 c5 5. a3 Ba5 6. b4 cxd4 7. Nb5 Bc7 8. f4 a5 9. Bd2 Nh6 10. Bd3 Bd7 11. Nxc7+ Qxc7 12. Nf3 Nf5 13. b5 Qc5 14. Qe2 O-O 15. a4 f6 16. O-O Ne3 17. Rfe1 Nc4 18. Bc1 b6 19. exf6 Rxf6 20. Ne5 Be8 21. Ng4 Rf8 22. Qxe6+ Bf7 23. Nh6+ gxh6 24. Qxh6 Bg6 25. Bxg6 Ra7 26. Bd3 Rg7 27. f5 Nd7 28. Qe6+ Rgf7 29. Bh6 Rc8 30. f6 Nf8 31. Qg4+ Kh8 32. Re7 Rc7 33. Qg7+ Rxg7 34. fxg7+ Kg8 35. gxf8=Q# 1-0

[Event "Deutschland - Schweiz 85/281"]
[Site "?"]
[Date "2002.??.??"]
[Round "?"]
[White "Lutz, Ch"]
[Black "Korchnoi, V."]
[Result "1-0"]
[WhiteElo "2655"]
[BlackElo "2626"]
[PlyCount "65"]
[EventDate "2002.??.??"]
[Source "Chess Informant"]
[SourceDate "2002.06.01"]

1. e4 e6 2. d4 d5 3. Nc3 Bb4 4. e5 c5 5. a3 Ba5 6. b4 cxd4 7. Qg4 Ne7 8. bxa5 dxc3 9. Qxg7 Rg8 10. Qxh7 Nbc6 11. f4 Qxa5 12. Nf3 Bd7 13. Rb1 O-O-O 14. Qd3 d4 15. g3 Kb8 16. Be2 Ka8 17. Kf2 Be8 18. Rd1 Nf5 19. Qc4 a6 20. a4 Rd5 21. Bd3 f6 22. Bxf5 exf5 23. Rb5 axb5 24. Qxd5 Rh8 25. axb5 fxe5 26. fxe5 Qa4 27. Re1 Nb8 28. Nxd4 Rxh2+ 29. Kg1 Rh7 30. e6 Bxb5 31. Nxb5 Qxc2 32. Bh6 Nc6 33. Ra1+ 1-0

[Event "Amsterdam"]
[Site "Amsterdam"]
[Date "1991.??.??"]
[Round "?"]
[White "Short, N."]
[Black "Timman, J."]
[Result "1-0"]
[WhiteElo "2635"]
[BlackElo "2630"]
[PlyCount "65"]
[EventDate "1991.??.??"]
[Source "www.chesslib.no"]
[SourceDate "2004.05.04"]

1. e4 e6 2. d4 d5 3. Nc3 Bb4 4. e5 c5 5. a3 Ba5 6. Qg4 Ne7 7. dxc5 Bxc3+ 8. bxc3 Qa5 9. Bd2 Ng6 10. h4 h5 11. Qg5 Nd7 12. c4 Qa4 13. cxd5 Ndxe5 14. Be2 Qe4 15. O-O-O O-O 16. Bc3 f6 17. Qd2 Qxg2 18. Nh3 exd5 19. Bxh5 Nc4 20. Qd4 Nge5 21. Nf4 Qe4 22. Qxd5+ Qxd5 23. Nxd5 Kh7 24. Rhg1 Bf5 25. Ne7 Be4 26. Rd4 Bf3 27. Bg6+ Kh8 28. h5 Rad8 29. Rh4 Rd7 30. h6 Rxe7 31. hxg7+ Kxg7 32. Rh7+ Kg8 33. Bf5+ 1-0

[Event "EUCup 18th"]
[Site "?"]
[Date "2002.09.27"]
[Round "6"]
[White "Macieja Bartlomiej"]
[Black "Lputian Smbat G"]
[Result "1/2-1/2"]
[WhiteElo "2607"]
[BlackElo "2634"]
[PlyCount "33"]
[EventDate "2002.??.??"]
[Source "www.chesslib.no"]
[SourceDate "2004.05.04"]

1. e4 e6 2. d4 d5 3. Nc3 Bb4 4. e5 c5 5. a3 Ba5 6. b4 cxd4 7. Nb5 Bc7 8. f4 Bd7 9. Nxc7+ Qxc7 10. Nf3 Nh6 11. Bd3 a6 12. a4 Nc6 13. Qd2 Nf5 14. Bb2 O-O 15. Bxf5 exf5 16. Bxd4 Nd8 17. O-O 1/2-1/2

[Event "DDR/86/104"]
[Site "German Democratic Republic"]
[Date "1986.??.??"]
[Round "?"]
[White "Sokolov, Andrei Y"]
[Black "Vaganian, Rafael A"]
[Result "1/2-1/2"]
[WhiteElo "2595"]
[BlackElo "2645"]
[PlyCount "113"]
[EventDate "1986.??.??"]
[Source "www.chesslib.no"]
[SourceDate "2004.05.04"]

1. e4 e6 2. d4 d5 3. Nc3 Bb4 4. e5 c5 5. a3 Ba5 6. Bd2 cxd4 7. Nb5 Nc6 8. Nf3 f6 9. Nbxd4 Nxd4 10. Nxd4 Bxd2+ 11. Qxd2 fxe5 12. Bb5+ Kf8 13. Nf3 Qd6 14. Qg5 e4 15. Ne5 Qe7 16. Qe3 Nh6 17. O-O-O Nf5 18. Qc3 a6 19. Be2 Bd7 20. Bg4 Rc8 21. Qb4 Bc6 22. Qb3 Qc7 23. Nxc6 bxc6 24. Bxf5 exf5 25. c4 Ke7 26. cxd5 cxd5+ 27. Kb1 Rhd8 28. Rxd5 Rb8 29. Qa2 Rxb2+ 30. Qxb2 Rb8 31. Rd2 Rxb2+ 32. Rxb2 Qd6 33. Rc1 Kf6 34. h4 Qxa3 35. Rc6+ Ke5 36. Rc7 Qd3+ 37. Ka2 Qd5+ 38. Kb1 Qd1+ 39. Ka2 Qa4+ 40. Kb1 Qd1+ 41. Ka2 Qd5+ 42. Kb1 f4 43. Rbc2 Kd6 44. Kc1 Qb5 45. Rxg7 e3 46. fxe3 fxe3 47. Rcc7 Qa4 48. Rxh7 a5 49. Rcg7 Qc4+ 50. Kb2 Qe6 51. Ra7 Qe5+ 52. Kc2 Qe4+ 53. Kc3 Qb4+ 54. Kd3 Qd2+ 55. Ke4 Kc5 56. Rab7 Qxg2+ 57. Kxe3 1/2-1/2

[Event "Minsk BLR"]
[Site "Minsk BLR"]
[Date "1986.??.??"]
[Round "?"]
[White "Nunn, John D M"]
[Black "Vaganian, Rafael A"]
[Result "1-0"]
[WhiteElo "2585"]
[BlackElo "2645"]
[PlyCount "63"]
[EventDate "1986.??.??"]
[Source "www.chesslib.no"]
[SourceDate "2004.05.04"]

1. e4 e6 2. d4 d5 3. Nc3 Bb4 4. e5 c5 5. a3 Ba5 6. Bd2 Nc6 7. Nb5 Nxd4 8. Nxd4 Bxd2+ 9. Qxd2 cxd4 10. Qxd4 Ne7 11. Nf3 O-O 12. Bd3 Nc6 13. Qe3 Qb6 14. Qxb6 axb6 15. O-O Rd8 16. Rfe1 Kf8 17. h4 h6 18. Nd2 Ra4 19. g3 Bd7 20. f4 Nd4 21. c3 Bb5 22. Bb1 Nc6 23. Bc2 Raa8 24. a4 Ba6 25. b4 b5 26. Reb1 Rac8 27. Bd3 Na7 28. Ra3 Rc7 29. a5 d4 30. cxd4 Rxd4 31. Nf3 Rd8 32. Kf2 1-0

[Event "GRE-chT 32nd"]
[Site "?"]
[Date "2003.07.05"]
[Round "2"]
[White "Macieja Bartlomiej"]
[Black "Atalik Suat"]
[Result "1/2-1/2"]
[WhiteElo "2627"]
[BlackElo "2599"]
[PlyCount "123"]
[EventDate "2003.??.??"]
[Source "www.chesslib.no"]
[SourceDate "2004.05.04"]

1. e4 e6 2. d4 d5 3. Nc3 Bb4 4. e5 c5 5. a3 Ba5 6. dxc5 Bxc3+ 7. bxc3 Ne7 8. Nf3 Nd7 9. Bb5 O-O 10. Bxd7 Bxd7 11. O-O Qc7 12. Be3 Nf5 13. Bd4 b6 14. cxb6 axb6 15. Qb1 Rfc8 16. Rc1 b5 17. Nd2 Ra4 18. Qb2 h5 19. Ra2 Qd8 20. Rd1 Qe7 21. h3 Be8 22. Rda1 Qg5 23. Nf3 Qg6 24. Qc1 Rac4 25. Qf4 Nxd4 26. cxd4 Rxc2 27. Kh2 Rxa2 28. Rxa2 Qb1 29. Re2 Rc3 30. Qg5 Qc1 31. Re3 Qxa3 32. Qd8 Kf8 33. Rxc3 Qxc3 34. Qd6+ Kg8 35. Qb8 Qc6 36. Nd2 Kh7 37. Nb3 Qd7 38. h4 Qe7 39. g3 f6 40. Nc5 fxe5 41. Qxe5 Bf7 42. Kg2 Qf6 43. Qe3 Bg6 44. f3 Bf5 45. Kf2 Qe7 46. Qe5 g5 47. hxg5 Qxg5 48. f4 Qg4 49. Qd6 Qg7 50. Nxe6 Bxe6 51. Qxe6 Qxd4+ 52. Kf3 Qd3+ 53. Kf2 Qc2+ 54. Kf3 Qc3+ 55. Kg2 Qc2+ 56. Kh3 Qe4 57. Qf7+ Kh6 58. Qf6+ Qg6 59. Qh8+ Qh7 60. Qf6+ Qg6 61. Qh8+ Qh7 62. Qf6+ 1/2-1/2

[Event "32nd TCh-GRE"]
[Site "Kallithea Chalkidiki"]
[Date "2003.07.05"]
[Round "2"]
[White "Macieja, Bartlomiej"]
[Black "Atalik, Suat"]
[Result "1/2-1/2"]
[WhiteElo "2627"]
[BlackElo "2599"]
[PlyCount "55"]
[EventDate "2003.07.04"]
[Source "Roberto Alvarez"]
[SourceDate "2003.07.14"]

1. e4 e6 2. d4 d5 3. Nc3 Bb4 4. e5 c5 5. a3 Ba5 6. dxc5 Bxc3+ 7. bxc3 Ne7 8. Nf3 Nd7 9. Bb5 O-O 10. Bxd7 Bxd7 11. O-O Qc7 12. Be3 Nf5 13. Bd4 b6 14. cxb6 axb6 15. Qb1 Rfc8 16. Rc1 b5 17. Nd2 Ra4 18. Qb2 h5 19. Ra2 Qd8 20. Rd1 Qe7 21. h3 Be8 22. Rda1 Qg5 23. Nf3 Qg6 24. Qc1 Rac4 25. Qg5 Nxd4 26. cxd4 Rxc2 27. Kh2 Rxa2 28. Rxa2 1/2-1/2

[Event "Nimzowitsch"]
[Site "Naestved Nimzowitsch"]
[Date "1985.??.??"]
[Round "11"]
[White "Chandler, Murray G"]
[Black "Vaganian, Rafael A"]
[Result "0-1"]
[WhiteElo "2585"]
[BlackElo "2640"]
[PlyCount "50"]
[EventDate "1985.??.??"]
[Source "www.chesslib.no"]
[SourceDate "2004.05.04"]

1. e4 e6 2. d4 d5 3. Nc3 Bb4 4. e5 c5 5. a3 Ba5 6. b4 cxd4 7. Qg4 Ne7 8. bxa5 dxc3 9. Qxg7 Rg8 10. Qxh7 Nbc6 11. Nf3 Qc7 12. Bb5 Bd7 13. O-O Nxe5 14. Nxe5 Qxe5 15. Bxd7+ Kxd7 16. Qd3 d4 17. Rb1 Qd5 18. f3 Rac8 19. Bf4 e5 20. Bg3 f6 21. Kf2 Rc7 22. f4 a6 23. fxe5 fxe5 24. Rfe1 Nc6 25. Rbc1 Kd8 0-1

[Event "FIDE-Wch k.o."]
[Site "Groningen"]
[Date "1997.12.11"]
[Round "2.1"]
[White "Bologan, Viktor"]
[Black "Vaganian, Rafael A"]
[Result "0-1"]
[WhiteElo "2585"]
[BlackElo "2640"]
[PlyCount "72"]
[EventDate "1997.12.09"]
[Source "ChessBase"]
[SourceDate "1998.04.09"]

1. e4 e6 2. d4 d5 3. Nc3 Bb4 4. e5 c5 5. a3 Ba5 6. b4 cxd4 7. Nb5 Bc7 8. f4 Bd7 9. Nf3 Bxb5 10. Bxb5+ Nc6 11. Nxd4 Nge7 12. c3 Bb6 13. Be3 O-O 14. Qd2 Bxd4 15. cxd4 a5 16. O-O axb4 17. a4 b3 18. g4 f5 19. exf6 Rxf6 20. Qd3 Na5 21. Rae1 h6 22. Bf2 Rxf4 23. Rxe6 Nec6 24. Qg3 Qd7 25. Qxf4 Qxe6 26. Bd3 Nc4 27. Bf5 Qf6 28. Qf3 Rd8 29. Qd3 b2 30. Re1 Qg5 31. Qe2 Rf8 32. Qe6+ Kh8 33. h4 Qf6 34. Qxd5 Nd2 35. Be3 b1=Q 36. Bxb1 Nf3+ 0-1

[Event "Pula"]
[Site "?"]
[Date "1997.??.??"]
[Round "?"]
[White "Almasi, Z."]
[Black "Lputian, S."]
[Result "1-0"]
[WhiteElo "2595"]
[BlackElo "2615"]
[PlyCount "87"]
[EventDate "1997.??.??"]
[Source "ChessBase"]
[SourceDate "1997.06.01"]

1. e4 e6 2. d4 d5 3. Nc3 Bb4 4. e5 c5 5. a3 Ba5 6. b4 cxd4 7. Nb5 Bc7 8. f4 Nh6 9. Nf3 Bd7 10. Nxc7+ Qxc7 11. Bd3 a6 12. a4 Nf5 13. Qd2 Nc6 14. Bb2 O-O 15. Bxf5 exf5 16. Bxd4 Nxd4 17. Nxd4 f6 18. Nf3 fxe5 19. Nxe5 d4 20. O-O Rad8 21. Nf3 d3 22. cxd3 Qb6+ 23. Kh1 Bc6 24. Ne5 Bd5 25. Rac1 h6 26. Rc5 Kh7 27. Qc3 Qf6 28. h3 Rfe8 29. Kh2 Re7 30. Rc7 Rxc7 31. Qxc7 Qf8 32. Qc5 Qe8 33. a5 Be6 34. Qb6 Qe7 35. Rc1 Bd5 36. Rc7 Qd6 37. Qxd6 Rxd6 38. Rd7 Rxd7 39. Nxd7 Kg8 40. Nb6 Bc6 41. g3 Kf7 42. Kg1 Bb5 43. d4 Ke6 44. d5+ 1-0

[Event "Baden Baden op"]
[Site "?"]
[Date "2003.07.27"]
[Round "5"]
[White "Baklan Vladimir"]
[Black "Atalik Suat"]
[Result "1/2-1/2"]
[WhiteElo "2598"]
[BlackElo "2599"]
[PlyCount "31"]
[EventDate "2003.??.??"]
[Source "www.chesslib.no"]
[SourceDate "2004.05.04"]

1. e4 e6 2. d4 d5 3. Nc3 Bb4 4. e5 c5 5. a3 Ba5 6. dxc5 Bxc3+ 7. bxc3 Ne7 8. Qg4 Ng6 9. Bd3 Nd7 10. Nf3 Qc7 11. O-O Nxc5 12. h4 Nxd3 13. cxd3 Qxc3 14. h5 Nxe5 15. Nxe5 Qxe5 16. Bf4 1/2-1/2

[Event "EU-ch 2nd"]
[Site "Ohrid"]
[Date "2001.06.07"]
[Round "7"]
[White "Luther, Thomas"]
[Black "Lastin, Alexander"]
[Result "1/2-1/2"]
[WhiteElo "2568"]
[BlackElo "2627"]
[PlyCount "35"]
[EventDate "2001.06.01"]
[Source "ChessBase"]
[SourceDate "2001.09.13"]

1. e4 e6 2. d4 d5 3. Nc3 Bb4 4. e5 c5 5. a3 Ba5 6. b4 cxd4 7. Nb5 Bc7 8. f4 Ne7 9. Nf3 Bd7 10. Nxc7+ Qxc7 11. Bd3 a6 12. O-O Nbc6 13. Bb2 Qb6 14. Kh1 h6 15. Rb1 Rc8 16. Ba1 Nf5 17. Qe1 Qc7 18. Bxf5 1/2-1/2

[Event "Ljubljana"]
[Site "?"]
[Date "1995.??.??"]
[Round "?"]
[White "Leko, P."]
[Black "Lputian, Smbat G"]
[Result "0-1"]
[WhiteElo "2605"]
[BlackElo "2585"]
[PlyCount "114"]
[EventDate "1995.??.??"]
[Source "ChessBase"]
[SourceDate "1995.10.01"]

1. e4 e6 2. d4 d5 3. Nc3 Bb4 4. e5 c5 5. a3 Ba5 6. b4 cxd4 7. Nb5 Bc7 8. f4 a5 9. Bb2 axb4 10. axb4 Rxa1 11. Bxa1 Nc6 12. Nxc7+ Qxc7 13. Qd2 Nh6 14. Nf3 Nf5 15. Bd3 O-O 16. O-O Bd7 17. Rb1 Ra8 18. b5 Na5 19. b6 Qd8 20. g4 Nh4 21. Nxd4 Nc6 22. Be2 h5 23. gxh5 Nxd4 24. Bxd4 Nf5 25. c3 Ra4 26. Bd1 Ra6 27. Qb2 Qa8 28. Qd2 Ra2 29. Rb2 Ra1 30. Kg2 Qa3 31. Bg4 Nxd4 32. cxd4 Bb5 33. Be2 Bxe2 34. Qxe2 Qc3 35. Rc2 Qxd4 36. Rc8+ Kh7 37. Qc2+ g6 38. hxg6+ Kg7 39. Rc3 Rg1+ 40. Kf3 Rf1+ 41. Kg3 Rg1+ 42. Kf3 Rxg6 43. Qd3 Qxb6 44. Rc2 Qb1 45. Rd2 Qh1+ 46. Ke3 Qg1+ 47. Kf3 Qg4+ 48. Ke3 Rh6 49. Qf1 Rxh2 50. Rxh2 Qg3+ 51. Kd4 Qxh2 52. Kc5 Qg3 53. Kd6 d4 54. Ke7 d3 55. Qc1 Qf2 56. Ke8 d2 57. Qd1 Qxf4 0-1

[Event "Yerevan (ol)"]
[Site "?"]
[Date "1996.??.??"]
[Round "?"]
[White "de Firmian, N."]
[Black "Lputian, Smbat G"]
[Result "1/2-1/2"]
[WhiteElo "2575"]
[BlackElo "2595"]
[PlyCount "99"]
[EventDate "1996.??.??"]
[Source "ChessBase"]
[SourceDate "1996.06.01"]

1. e4 e6 2. d4 d5 3. Nc3 Bb4 4. e5 c5 5. a3 Ba5 6. b4 cxd4 7. Qg4 Ne7 8. bxa5 dxc3 9. Qxg7 Rg8 10. Qxh7 Nbc6 11. Nf3 Qc7 12. Bf4 Bd7 13. Bd3 O-O-O 14. Bg3 Qxa5 15. O-O Qa4 16. Rfe1 Ng6 17. Qh6 Rh8 18. Qe3 d4 19. Qe2 Nce7 20. Rab1 Bc6 21. Rb4 Qxa3 22. Rxd4 Bd5 23. Ng5 Rhf8 24. Qg4 Qc5 25. h4 Nc6 26. Rxd5 Qxd5 27. Bxg6 fxg6 28. Nxe6 Qd7 29. f3 b5 30. Re3 Nd4 31. Nxd8 Qxg4 32. fxg4 b4 33. e6 Rxd8 34. h5 gxh5 35. gxh5 Nxc2 36. Re4 Kb7 37. Be5 Kc6 38. Bf6 Re8 39. Re2 Na3 40. h6 c2 41. Bb2 Kd6 42. g4 Nc4 43. Rxc2 Nxb2 44. Rxb2 Rg8 45. Rxb4 Kxe6 46. Kf2 Kf6 47. Kg3 Kg5 48. h7 Rh8 49. Rb7 Kg6 50. Rxa7 1/2-1/2

[Event "Cappelle op 16th"]
[Site "Cappelle la Grande"]
[Date "2000.02.25"]
[Round "8"]
[White "Milos, Gilberto"]
[Black "Ivanov, Sergey"]
[Result "1-0"]
[WhiteElo "2620"]
[BlackElo "2543"]
[PlyCount "57"]
[EventDate "2000.02.19"]
[Source "ChessBase"]
[SourceDate "2000.03.10"]

1. e4 e6 2. d4 d5 3. Nc3 Bb4 4. e5 c5 5. a3 Ba5 6. Bd2 cxd4 7. Nb5 Nc6 8. Bxa5 Qxa5+ 9. b4 Qd8 10. f4 Nh6 11. Nd6+ Kf8 12. Nf3 f6 13. Bd3 fxe5 14. fxe5 Nxe5 15. Nxe5 Qxd6 16. Qh5 Kg8 17. O-O Qe7 18. Rf3 Bd7 19. Raf1 Nf5 20. Nxd7 Qxd7 21. Bxf5 exf5 22. Rxf5 g6 23. Qg4 Qe7 24. Rxd5 Qe3+ 25. Kh1 Rf8 26. Rxf8+ Kxf8 27. h3 Kg7 28. Rd7+ Kf6 29. Rd6+ 1-0

[Event "European Club Cup 2002"]
[Site "?"]
[Date "2002.09.23"]
[Round "2"]
[White "Landa Konstantin"]
[Black "Korobov Anton"]
[Result "1/2-1/2"]
[WhiteElo "2621"]
[BlackElo "2534"]
[PlyCount "48"]
[EventDate "2002.??.??"]
[Source "www.chesslib.no"]
[SourceDate "2004.05.04"]

1. e4 e6 2. d4 d5 3. Nc3 Bb4 4. e5 c5 5. a3 cxd4 6. axb4 dxc3 7. Qg4 Qe7 8. bxc3 f6 9. Nf3 Nc6 10. b5 Nxe5 11. Nxe5 fxe5 12. Qh5+ Qf7 13. Qxe5 Ne7 14. Bd3 O-O 15. O-O Ng6 16. Qh5 e5 17. Bxg6 Qxg6 18. Qxe5 Qf5 19. Qd4 Bd7 20. Re1 Bxb5 21. Ba3 Rfe8 22. Bd6 Re4 23. Rxe4 Qxe4 24. f3 Qxd4+ 1/2-1/2

[Event "Tch-SWE 2002-3"]
[Site "Sweden"]
[Date "2003.03.15"]
[Round "10"]
[White "Timman, Jan H"]
[Black "Ivanov, Sergey"]
[Result "1/2-1/2"]
[WhiteElo "2594"]
[BlackElo "2561"]
[PlyCount "121"]
[EventDate "2003.01.01"]
[Source "Roberto Alvarez"]
[SourceDate "2003.03.17"]

1. e4 e6 2. d4 d5 3. Nc3 Bb4 4. e5 c5 5. a3 Ba5 6. b4 cxd4 7. Qg4 Ne7 8. Nb5 Bc7 9. Qxg7 Rg8 10. Qxh7 a6 11. Nxc7+ Qxc7 12. Ne2 Qxe5 13. f4 Qf6 14. Bb2 Nbc6 15. O-O-O e5 16. Qd3 e4 17. Qd2 Bg4 18. b5 axb5 19. Nxd4 Bxd1 20. Nxb5 d4 21. Nc7+ Kd7 22. Nxa8 Bh5 23. Nb6+ Kc7 24. Na4 e3 25. Qe1 Qxf4 26. Bd3 Rxg2 27. Nc5 Rxh2 28. Rxh2 Qxh2 29. Nb3 Qf4 30. Kb1 Bg6 31. Nc1 Bxd3 32. Nxd3 Qd6 33. Qh4 Ng6 34. Qh5 Nge5 35. Nf4 b6 36. Qf5 Kb7 37. Ne2 d3 38. cxd3 Qxd3+ 39. Qxd3 Nxd3 40. Bf6 Na5 41. Kc2 Nc5 42. Bd4 Nc4 43. Kc3 Nxa3 44. Bxe3 Kc6 45. Bg1 Nb5+ 46. Kc4 Ne6 47. Kb4 Nbc7 48. Ng3 Nd5+ 49. Kc4 b5+ 50. Kd3 Nc5+ 51. Kd4 b4 52. Kc4 b3 53. Bd4 Nb6+ 54. Kb4 Nba4 55. Nf5 Kd7 56. Ba1 Ke6 57. Nd4+ Kd5 58. Nxb3 Nxb3 59. Kxb3 Nc5+ 60. Kc2 f5 61. Bg7 1/2-1/2

[Event "Senden"]
[Site "?"]
[Date "1996.??.??"]
[Round "?"]
[White "Golubev, M."]
[Black "Korchnoi, V."]
[Result "0-1"]
[WhiteElo "2520"]
[BlackElo "2635"]
[PlyCount "80"]
[EventDate "1996.??.??"]
[Source "ChessBase"]
[SourceDate "1996.10.01"]

1. e4 e6 2. d4 d5 3. Nc3 Bb4 4. e5 c5 5. a3 Ba5 6. b4 cxd4 7. Nb5 Bc7 8. f4 a5 9. Nf3 axb4 10. Nfxd4 Bd7 11. Bb2 bxa3 12. Bxa3 Ne7 13. Bd6 Ba5+ 14. c3 Bxb5 15. Bxb5+ Nbc6 16. Qb3 O-O 17. Bxc6 bxc6 18. O-O Re8 19. Rfb1 Bb6 20. Rxa8 Bxd4+ 21. cxd4 Qxa8 22. g4 h5 23. h3 Qa6 24. Qc2 Ng6 25. Rf1 hxg4 26. hxg4 Ra8 27. f5 Nf8 28. Qf2 exf5 29. gxf5 Qd3 30. Kh2 Nh7 31. Rg1 f6 32. exf6 Nxf6 33. Qg2 Ra7 34. Be5 Qxf5 35. Rf1 Ng4+ 36. Kg1 Qg6 37. Bb8 Rb7 38. Bf4 Rb1 39. Bc1 Qe4 40. Qd2 Nf6 0-1

[Event "St Petersburg"]
[Site "St Petersburg"]
[Date "1997.??.??"]
[Round "11"]
[White "Svidler, Peter"]
[Black "Ivanov, Sergey"]
[Result "1-0"]
[WhiteElo "2640"]
[BlackElo "2515"]
[PlyCount "95"]
[EventDate "1997.04.17"]
[Source "ChessBase"]
[SourceDate "1997.08.01"]

1. e4 e6 2. d4 d5 3. Nc3 Bb4 4. e5 c5 5. a3 Ba5 6. b4 cxd4 7. Nb5 Bc7 8. f4 a5 9. Bd2 Nh6 10. Nf3 axb4 11. axb4 Rxa1 12. Qxa1 O-O 13. Nxc7 Qxc7 14. Nxd4 Nf5 15. Nxf5 exf5 16. Qc3 Qxc3 17. Bxc3 Be6 18. Kd2 Rc8 19. Bd3 Nc6 20. Rb1 Ra8 21. b5 Na5 22. Bxa5 Rxa5 23. Rb3 b6 24. Rc3 Ra7 25. Rc6 Rb7 26. c4 dxc4 27. Bxc4 Bd7 28. Rd6 Kf8 29. Bd5 Rc7 30. Rxb6 Rc5 31. Bc6 Bxc6 32. bxc6 Ke7 33. Rb7+ Ke6 34. Rc7 h5 35. Kd3 h4 36. h3 g6 37. Kd4 Rc2 38. Rc8 Ke7 39. Kd5 Rd2+ 40. Kc5 Rxg2 41. Rb8 Rc2+ 42. Kb6 Rb2+ 43. Ka7 Ra2+ 44. Kb7 Rb2+ 45. Kc8 Rc2 46. c7 g5 47. fxg5 Ke6 48. Kd8 1-0

[Event "Mind Sports Games - Blitz Ind"]
[Site "Pechino CINA"]
[Date "2008.10.04"]
[Round "6"]
[White "Kravtsiv, M."]
[Black "Korobov, A."]
[Result "1/2-1/2"]
[WhiteElo "2549"]
[BlackElo "2605"]
[PlyCount "33"]
[EventDate "2008.10.04"]
[Source "www.chesslib.no"]
[SourceDate "2004.05.04"]

1. e4 e6 2. d4 d5 3. Nc3 Bb4 4. e5 c5 5. a3 Bxa3 6. bxa3 Ne7 7. Nf3 b6 8. a4 Nd7 9. Ba3 O-O 10. Qe2 Qc7 11. g4 Nf5 12. h3 Ne7 13. Bb2 Qb7 14. Ba3 b5 15. Rb1 Ng6 16. Qxb5 Ndxe5 17. Qxb7 1/2-1/2